00399 2200157 4500001002100000005001500021035002000036245003900056100001700095300002600112260004700138082000800185084001400193020002200207990001200229INLIS00000000000188120250516085339 a0010-05250001731 aMarmut Merah Jambu /cRaditya Dika0 aRaditya Dika a220 hlm ;c13 x 20 cm aJakarta :bPT. Bukune Kreatif Cipta,c2017 a813 a813 RAD m a978-602-220-232-5 a0754799